000 00622nam a2200241Ia 4500
003 OSt
005 20220926005948.0
006 a|||||r|||| 00| 0
007 ta
008 220923b |||||||| |||| 00| 0 eng d
020 _a8188394009
037 _cGeneral Book
040 _aRTL
_cRTL
_beng
041 _2eng
_aeng
082 _aU.281.N8, P2
100 _aSunil Kumar
245 0 _aPresent in Delhi's pasts
260 _a New Delhi
_bThree Essays
_c2002
300 _axiv,131p
_ccm.
650 _aGeography
942 _hU.281.N8, P2
_cGB
_2CC
999 _c615918
_d615918